| 000 | 01351cad a22002415a 4500 | ||
|---|---|---|---|
| 001 | L142016 | ||
| 008 | 080121s2007 xxk f 000 0 eng d | ||
| 035 | _a(Sirsi) u142016 | ||
| 041 | 0 | _aeng | |
| 050 | 0 | 4 | _a338.4569 $2 18 |
| 110 | 2 |
_aFederation of Master Builders _9465 |
|
| 245 | 0 | 0 |
_aFMB state of trade survey _bfourth quarter of 2007 _bkey findings _h[electronic resource] |
| 260 |
_a[S.l.] _bFMB _c2007 |
||
| 490 | 0 |
_aFMB State of Trade Survey _vFourth Quarter 2007 |
|
| 520 | _aReveals a marginal increase in total workload and the total workforce employed in the fourth quarter of 2007. Total workload is predicted to stay around the same level in the next three months, with no increase in any type of work. However, the balance of percentages of firms reporting higher and lower levels of enquiries regarding all types of work fell to -14, suggesting a downturn in enquiries regarding possible future work. This trend is affecting most regions, with the exception of Scotland. | ||
| 521 | 2 | _aAdvanced | |
| 590 | _aKA | ||
| 650 | 2 | 4 | _aFEDERATION OF MASTER BUILDERS STATE OF TRADE SURVEY |
| 651 | 4 |
_aUnited Kingdom _y |
|
| 690 | _aBUILT ENVIRONMENT-CONSTRUCTION MARKET | ||
| 856 | 4 | 0 |
_uhttps://www.fmb.org.uk/information-and-help/publications/state-of-trade-survey/?p=2 _zView the item free of charge at www.fmb.org.uk... |
| 942 | _n0 | ||
| 999 |
_c107828 _d107828 |
||